LEADER 03715nam 22006015 450 001 9910842300103321 005 20250807130621.0 010 $a3-031-51410-6 024 7 $a10.1007/978-3-031-51410-4 035 $a(MiAaPQ)EBC31201077 035 $a(Au-PeEL)EBL31201077 035 $a(DE-He213)978-3-031-51410-4 035 $a(CKB)30776895800041 035 $a(EXLCZ)9930776895800041 100 $a20240301d2024 u| 0 101 0 $aeng 135 $aurcnu|||||||| 181 $ctxt$2rdacontent 182 $cc$2rdamedia 183 $acr$2rdacarrier 200 10$aInterior Design: Conceptual Basis /$fby Anthony Sully 205 $a2nd ed. 2024. 210 1$aCham :$cSpringer International Publishing :$cImprint: Springer,$d2024. 215 $a1 online resource (290 pages) 311 08$a3-031-51409-2 320 $aIncludes bibliographical references and index. 327 $aChapter 1. Planning Concept -- Chapter 2. Circulation Concept.-Chapter 3. Three-dimensional Concept. Chapter 4.Construction Concept. Chapter 5. Material Concept -- Chapter 6. Colour Concept.-Chapter 7. Lighting Concept -- Conclusion -- Appendix -- Index. 330 $aThis book introduces interior design as a conceptual way of thinking, which is about ideas and how they are formulated. Now in its second edition, the book is enlarged to include topical subjects such as artificial intelligence, sustainability and climate change. The book prepares designers to focus on each concept independently as much as possible, whilst acknowledging relative connections without unwarranted influences unfairly dictating a conceptual bias, and is about that part of the design process called conceptual analysis. The major themes of this second edition of Interior Design: Conceptual Basis are the seven concepts of planning, circulation, 3D, construction, materials, colour and lighting, which cover the entire spectrum of a designer?s activity. It is assumed that the site, location, building and orientation as well as the client?s brief of activities and needs have been digested and analysed to provide the data upon which the design process can begin. Designed as a highly visual illustrative book, as the interior design medium demands, the hands-on creative process of designing is detailed with original drawn illustrations. Concentrating on the conceptual process of designing interiors, and defining what these concepts are, this book helps the designer to organise his/her process of designing and to sharpen the links between the various skill bases necessary to do the job. This book is stimulating for students and instructors alike and is aimed at any student who maybe majoring in interior design, interior architecture, architecture, design thinking or furniture design. It is also useful reference for students of design management and design leadership. . 606 $aInterior architecture 606 $aBuilding materials 606 $aArchitecture$xHistory 606 $aEngineering design 606 $aInterior Architecture 606 $aBuilding Materials 606 $aArchitectural History and Theory 606 $aEngineering Design 615 0$aInterior architecture. 615 0$aBuilding materials. 615 0$aArchitecture$xHistory. 615 0$aEngineering design. 615 14$aInterior Architecture. 615 24$aBuilding Materials. 615 24$aArchitectural History and Theory. 615 24$aEngineering Design. 676 $a747 700 $aSully$b Anthony$0739916 801 0$bMiAaPQ 801 1$bMiAaPQ 801 2$bMiAaPQ 906 $aBOOK 912 $a9910842300103321 996 $aInterior Design$91466131 997 $aUNINA